000 02079nas a2200337 i 4500
001 49682
003 DR-UNIBE
005 20260217130626.0
007 ta
008 260217e2015 dr an|p|r||||||0| | spa d
022 _a2410-3640
040 _aBIBLIOTECA UNIBE
_cBIBLIOTECA UNIBE
041 _aspa
110 _aFundación Global Democracia y Desarrollo (FUNGLODE)
_989031
245 _aAnuario dominicano de propiedad intelectual (ANUDOPI) /
_cFundación Global Democracia y Desarrollo (FUNGLODE).
264 _aSanto Domingo, República Dominicana :
_bFundación Global Democracia y Desarrollo (FUNGLODE),
_c2015.
300 _avolúmenes ;
_c15 x 23 cm.
310 _aAnual.
336 _atexto
_btxt
_2rdacontent
337 _asin mediación
_bn
_2rdamedia
338 _avolumen
_bnc
_2rdacarrier
362 _aNúmero 2 (agosto 2015) - número 3 (agosto 2016) - número 4 (agosto 2017)- número 5 (octubre 2018).
500 _aCatalogación basada en el Número 2 (agosto 2015).
520 _aEl Anuario Dominicano de Propiedad Intelectual es una publicación anual de la Fundación Global Democracia y Desarrollo (Funglode) especializada en temas relacionados con la propiedad intelectual. El anudopi tiene como objetivo difundir las ideas de autores nacionales e internacionales, trabajos de investigación, y el análisis de jurisprudencia para ofrecer un panorama teórico y práctico que promueva el estudio de la propiedad intelectual e industrial. Nos dirigimos a una audiencia integrada por juristas, profesionales vinculados al area legal y cualquier público con interés en estas temáticas.
650 _aDerechos de autor
_xLegislación
_vPublicaciones periódicas
_930188
_zRepública Dominicana
650 _aDerechos de autor
_vPublicaciones periódicas
_zRepública Dominicana
_9179227
650 _aPropiedad industrial
_vPublicaciones periódicas
_zRepública Dominicana
_9179228
650 _aProtección al diseño
_958627
_vPublicaciones periódicas
_zRepública Dominicana
655 _aPublicaciones periódicas
_9154532
942 _2ddc
_cISSUE
999 _c60340
_d60340